[Event "16th ECh U20 Girls"]
[Site "Patras GRE"]
[Date "1999.10.18"]
[Round "13"]
[White "Nill, Jessica"]
[Black "Iwaniuk, Dorota"]
[Result "1/2-1/2"]
[WhiteElo "2168"]
[BlackElo "2189"]
[EventDate "1999.10.02"]
[PlyCount "128"]

1.d4 f5 2.g3 g6 3.Bg2 Bg7 4.Nh3 Nf6 5.Nf4 c6 6.h4 d6 7.Nc3 e5 8.dxe5 dxe5 
9.Qxd8+ Kxd8 10.Nd3 Nbd7 11.O-O e4 12.Nf4 Ne5 13.f3 exf3 14.exf3 Re8 15.b3
Ke7 16.Ba3+ Kf7 17.Rad1 Be6 18.Rfe1 Ng8 19.Nce2 Rad8 20.Nxe6 Kxe6 21.Rxd8 
Rxd8 22.f4 Ng4 23.Nd4+ Kf7 24.Ne6 Bd4+ 25.Nxd4 Rxd4 26.Bc5 Rd2 27.Bf1 b6 
28.Bc4+ Kg7 29.Bb4 Rxc2 30.Re8 Rc1+ 31.Kg2 Rc2+ 32.Kg1 Rc1+ 33.Kg2 Rc2+ 
34.Kf1 N8f6 35.Bf8+ Kh8 36.Re7 Nh5 37.Ke1 b5 38.Be6 Rxa2 39.Re8 Ngf6 40.
Rc8 h6 41.Bd6+ Kh7 42.Be5 c5 43.Rc7+ Kh8 44.Bf7 Ra6 45.Bxg6 Nxg3 46.h5 Kg8
47.Rc8+ Kg7 48.Rxc5 Kf8 49.Rxb5 Nd7 50.Bc3 Rb6 51.Rxb6 axb6 52.Bd4 Nc5 53.
Kf2 Nge4+ 54.Ke3 Nxb3 55.Bxb6 Nd6 56.Bc7 Ke7 57.Bxd6+ Kxd6 58.Bxf5 Ke7 59.
Bd3 Kf6 60.Bc4 Nc5 61.Ba2 Kf5 62.Bb1+ Kf6 63.Be4 Ne6 64.Bd5 Nxf4 1/2-1/2

[Event "16th ECh U20 Girls"]
[Site "Patras GRE"]
[Date "1999.10.18"]
[Round "13"]
[White "Tkeshelashvili, Sopio"]
[Black "Batyte, Daiva"]
[Result "1/2-1/2"]
[WhiteElo "2284"]
[BlackElo "2107"]
[EventDate "1999.10.02"]
[PlyCount "25"]

1.e4 e6 2.Qe2 c5 3.Nf3 Nc6 4.d3 d6 5.g3 Be7 6.Bg2 h5 7.h4 Nf6 8.c3 Ng4 9.
Bg5 Qb6 10.Na3 Nce5 11.Bxe7 Kxe7 12.O-O Bd7 13.Rad1 1/2-1/2